[Event "Chigorin Mem Blitz 2014"]
[Site "St Petersburg RUS"]
[Date "2014.10.17"]
[Round "10.2"]
[White "Kazhgaleyev, Murtas"]
[Black "Andriasian, Zaven"]
[Result "1/2-1/2"]
[WhiteTitle "GM"]
[BlackTitle "GM"]
[WhiteElo "2566"]
[BlackElo "2622"]
[WhiteFideId "13700316"]
[BlackFideId "13302000"]
[EventDate "2014.10.17"]

1. d4 Nf6 2. c4 c5 3. Nf3 cxd4 4. Nxd4 Nc6 5. Nc3 e6 6. a3 Qc7 7. Ndb5 Qb8 8. g3
a6 9. Nd4 Qc7 10. Bg2 Be7 11. O-O O-O 12. b3 b6 13. Bb2 Bb7 14. e4 Rfd8 15. Rc1
Rac8 16. Nd5 exd5 17. cxd5 Qb8 18. Nf5 Bf8 19. Bxf6 gxf6 20. dxc6 dxc6 21. Qg4+
Kh8 22. Rfd1 Rxd1+ 23. Rxd1 Rd8 24. h4 Qc7 25. Qh5 Rxd1+ 26. Qxd1 Bc8 27. Qd4
Bg7 28. Bf1 Bxf5 29. exf5 a5 30. a4 Kg8 31. Bc4 c5 32. Qd5 Bf8 33. Kg2 Kg7 34.
Qf3 Bd6 35. Qg4+ Kh8 36. Qe4 Be5 37. Kh3 Kg7 38. Kg4 Bd4 39. f3 h6 40. Qd5 Be5
41. f4 Bd4 42. Kh5 Bf2 43. g4 Bd4 44. Qe4 Qd7 45. g5 hxg5 46. fxg5 Qd8 47. Kg4
Qc7 48. Qd5 Bf2 49. Kf3 Qg3+ 50. Ke2 Qe3+ 51. Kd1 Qd4+ 52. Qxd4 Bxd4 53. Ke2 1/2-1/2

[Event "Chigorin Mem Blitz 2014"]
[Site "St Petersburg RUS"]
[Date "2014.10.17"]
[Round "10.3"]
[White "Demchenko, Anton"]
[Black "Demidov, Mikhail"]
[Result "0-1"]
[WhiteTitle "GM"]
[BlackTitle "IM"]
[WhiteElo "2588"]
[BlackElo "2516"]
[WhiteFideId "4160258"]
[BlackFideId "4197143"]
[EventDate "2014.10.17"]

1. e4 e6 2. d4 d5 3. Nd2 Nf6 4. e5 Nfd7 5. f4 c5 6. c3 Nc6 7. Ndf3 cxd4 8. cxd4
Bb4+ 9. Bd2 Qa5 10. Bd3 Bxd2+ 11. Qxd2 Nb6 12. Qxa5 Nxa5 13. b3 Bd7 14. Ne2 Rc8
15. Kd2 Nc6 16. Rac1 Ke7 17. g4 h5 18. h3 a5 19. Ng3 hxg4 20. hxg4 a4 21. Rxh8
Rxh8 22. Nh5 g6 23. Nf6 Rh3 24. Ke2 Nb4 25. Bb1 Bb5+ 26. Ke3 Nc6 27. Kf2 a3 28.
Kg2 Rh8 29. Rc5 Be2 30. Ng5 Rc8 31. Kf2 Ba6 32. Nf3 Rh8 33. Kg2 Be2 34. Ng5 Rc8
35. Kf2 Ba6 36. Nf3 Rh8 37. f5 gxf5 38. gxf5 Rh1 39. Ne1 Rf1+ 40. Kg3 Rxe1 0-1

[Event "Chigorin Mem Blitz 2014"]
[Site "St Petersburg RUS"]
[Date "2014.10.17"]
[Round "10.4"]
[White "Gabrielian, Artur"]
[Black "Rakhmanov, Aleksandr"]
[Result "0-1"]
[WhiteTitle "GM"]
[BlackTitle "GM"]
[WhiteElo "2557"]
[BlackElo "2636"]
[WhiteFideId "4131002"]
[BlackFideId "4173708"]
[EventDate "2014.10.17"]

1. Nf3 Nf6 2. g3 g6 3. Bg2 Bg7 4. O-O O-O 5. d3 d5 6. Nbd2 b6 7. c4 c6 8. Rb1
Bb7 9. b4 Nbd7 10. Bb2 Re8 11. Qb3 c5 12. a3 d4 13. a4 a5 14. bxc5 Nxc5 15. Qa3
e5 16. Nb3 Nfd7 17. Nxc5 Nxc5 18. Nd2 Bxg2 19. Kxg2 Qd7 20. Ra1 f5 21. Nb3 Qc6+
22. Kg1 Bf8 23. Nxc5 bxc5 24. Rab1 Rab8 25. Qa2 Rb4 26. Ba3 Qxa4 27. Ra1 Rb7 28.
Qd2 Qc6 29. Qxa5 e4 30. Rfb1 Rxb1+ 31. Rxb1 Ra8 32. Qd2 Rxa3 33. Rb8 Ra1+ 0-1

[Event "Chigorin Mem Blitz 2014"]
[Site "St Petersburg RUS"]
[Date "2014.10.17"]
[Round "10.5"]
[White "Matsenko, Sergei"]
[Black "Ivanisevic, Ivan"]
[Result "0-1"]
[WhiteTitle "IM"]
[BlackTitle "GM"]
[WhiteElo "2485"]
[BlackElo "2623"]
[WhiteFideId "4170083"]
[BlackFideId "912417"]
[EventDate "2014.10.17"]

1. Nf3 g6 2. c4 Bg7 3. d4 Nf6 4. Nc3 O-O 5. e4 c5 6. Be2 d6 7. O-O Re8 8. h3
cxd4 9. Nxd4 Nbd7 10. Be3 a6 11. Rc1 b6 12. Nd5 Bb7 13. f3 Nh5 14. Bf2 e6 15.
Nc3 Be5 16. Bd3 Qg5 17. Nde2 f5 18. Qe1 Nc5 19. Bb1 Nf4 20. Nxf4 Qxf4 21. g3 Qh6
22. Kg2 Rf8 23. b4 Nd7 24. Kh2 Nf6 25. exf5 Bxf3 26. Bxb6 Bb7 27. Qe2 gxf5 28.
Be3 Qh5 29. Qxh5 Nxh5 30. Rg1 Kh8 31. Ne2 Rg8 32. Nf4 Nf6 33. Nxe6 Rae8 34. Nf4
Bb2 35. Rce1 Bc3 36. Re2 Bf3 37. Rge1 Bxe2 38. Rxe2 Re5 39. Bf2 0-1

[Event "Chigorin Mem Blitz 2014"]
[Site "St Petersburg RUS"]
[Date "2014.10.17"]
[Round "10.6"]
[White "Khismatullin, Denis"]
[Black "Volkov, Sergey"]
[Result "1-0"]
[WhiteTitle "GM"]
[BlackTitle "GM"]
[WhiteElo "2681"]
[BlackElo "2599"]
[WhiteFideId "4142578"]
[BlackFideId "4122763"]
[EventDate "2014.10.17"]

1. Nf3 d5 2. g3 c6 3. Bg2 Bf5 4. c4 e6 5. O-O Nf6 6. d3 h6 7. Nc3 Nbd7 8. cxd5
cxd5 9. e4 dxe4 10. dxe4 Bg4 11. Qa4 Bxf3 12. Bxf3 Bd6 13. e5 Bxe5 14. Bxb7 Rb8
15. Bg2 O-O 16. Qxa7 Qe7 17. Rd1 Rfc8 18. a4 Rc7 19. Qe3 Qb4 20. Bd2 Qxb2 21.
Rab1 Bxc3 22. Rxb2 Bxb2 23. a5 e5 24. Rb1 Rcc8 25. a6 Bd4 26. Qd3 Nc5 27. Rxb8
Rxb8 28. a7 Rd8 29. Qc2 e4 30. Bb4 Na6 31. Be7 Ra8 32. Bxf6 gxf6 33. Qxe4 Bxf2+
34. Kxf2 Rxa7 35. Qa4 Kg7 36. Bf1 1-0

[Event "Chigorin Mem Blitz 2014"]
[Site "St Petersburg RUS"]
[Date "2014.10.17"]
[Round "10.7"]
[White "Bukavshin, Ivan"]
[Black "Tsydypov, Zhamsaran"]
[Result "1-0"]
[WhiteTitle "GM"]
[BlackTitle "FM"]
[WhiteElo "2616"]
[BlackElo "2406"]
[WhiteFideId "4199758"]
[BlackFideId "4108566"]
[EventDate "2014.10.17"]

1. e3 g6 2. Nf3 Bg7 3. d4 Nf6 4. Be2 O-O 5. O-O d6 6. c4 Nbd7 7. Nc3 e5 8. b4
Re8 9. Bb2 e4 10. Nd2 Nf8 11. Qc2 Bf5 12. Rfc1 h5 13. b5 h4 14. h3 N8h7 15. Bf1
Ng5 16. Qd1 Qd7 17. a4 Bh6 18. a5 Nxh3+ 19. gxh3 Bxh3 20. Bxh3 Qxh3 21. Qf1 Qf5
22. Nd5 Nxd5 23. cxd5 Re7 24. b6 axb6 25. axb6 Rxa1 26. Rxa1 cxb6 27. Nc4 Qxd5
28. Nxb6 Qg5+ 29. Kh1 Kh7 30. d5 Qf5 31. Qg2 Rc7 32. Rf1 Rc2 33. Bd4 Bg5 34. Qh2
Be7 35. Qf4 Qh3+ 36. Kg1 Qf3 37. Qxf3 exf3 38. e4 g5 39. Be3 g4 40. Bf4 Bd8 41.
Nd7 Rc7 42. Nb8 Rc4 43. Bxd6 Rxe4 44. Bc5 Re5 45. Rd1 g3 46. Nd7 Re2 47. d6 Kg6
48. Bd4 Kf5 49. Nc5 b5 50. d7 b4 51. Nb7 Bg5 52. d8=Q Bxd8 53. Nxd8 b3 54. Nxf7
b2 55. Nd6+ Kg4 56. Nc4 h3 57. Ne5+ Kf4 58. fxg3+ Kxg3 59. Nd3 Rd2 60. Be5+ Kg4
61. Rxd2 b1=Q+ 62. Kh2 Qb5 63. Nf2+ Kf5 64. Bg3 Qf1 65. Nxh3 Ke6 66. Rf2 Qd1 67.
Ng5+ Ke7 68. Nxf3 Qd5 69. Kg2 Ke8 70. Re2+ Kf7 71. Bf4 Qc6 72. Kg3 Qc3 73. Re3
Qg7+ 74. Ng5+ Kg6 75. Kg4 Qd7+ 76. Re6+ Kg7 77. Kf5 Qd3+ 78. Ne4 Qh3+ 79. Ke5
Qh5+ 80. Kd4 Qb5 81. Be5+ Kf8 82. Bd6+ Kf7 83. Rf6+ Ke8 84. Bc5 Qa4+ 85. Ke5
Qa1+ 86. Kf5 Qf1+ 87. Ke5 Qa1+ 88. Bd4 Qa5+ 89. Kf4 Qd5 90. Rd6 Qa2 91. Bf6 Kf7
92. Ng5+ Kg6 93. Bd4+ Kh5 94. Ne4 Qf7+ 95. Rf6 Qg8 96. Ng3+ 1-0

[Event "Chigorin Mem Blitz 2014"]
[Site "St Petersburg RUS"]
[Date "2014.10.17"]
[Round "10.8"]
[White "Burmakin, Vladimir"]
[Black "Shimanov, Aleksandr"]
[Result "1/2-1/2"]
[WhiteTitle "GM"]
[BlackTitle "GM"]
[WhiteElo "2583"]
[BlackElo "2606"]
[WhiteFideId "4105109"]
[BlackFideId "4198603"]
[EventDate "2014.10.17"]

1. Nf3 c5 2. g3 g6 3. Bg2 Bg7 4. d4 cxd4 5. Nxd4 Nc6 6. Nb3 Nf6 7. O-O h5 8. h4
d6 9. c4 Be6 10. c5 d5 11. Nc3 Qd7 12. Nd4 Nxd4 13. Qxd4 O-O 14. Qb4 a5 15. Qb5
Qc6 16. Qxc6 bxc6 17. Bf4 a4 18. Rac1 Nd7 19. Rfd1 Bg4 20. Kf1 e5 21. Bg5 e4 22.
Bf4 Ne5 23. b3 axb3 24. axb3 Rfb8 25. Nxd5 cxd5 26. Rxd5 Re8 27. Bxe4 Nc6 28. f3
Rxe4 29. fxe4 Be6 30. Rd6 Rc8 31. Rb1 Bf8 32. b4 Bxd6 33. Bxd6 Bd7 34. b5 Na5
35. c6 Nxc6 36. bxc6 Bxc6 37. e5 Be4 38. Rb4 Bf5 39. Be7 Re8 40. Bf6 Kf8 41. Kf2
Rc8 42. Ke3 Ra8 43. Kf4 Kg8 44. e4 Be6 45. Kg5 Kh7 46. Rb7 Re8 47. Rc7 Ra8 48.
Be7 Kg7 1/2-1/2

[Event "Chigorin Mem Blitz 2014"]
[Site "St Petersburg RUS"]
[Date "2014.10.17"]
[Round "10.9"]
[White "Harika, Dronavalli"]
[Black "Alekseev, Evgeny"]
[Result "1/2-1/2"]
[WhiteTitle "GM"]
[BlackTitle "GM"]
[WhiteElo "2528"]
[BlackElo "2682"]
[WhiteFideId "5015197"]
[BlackFideId "4138147"]
[EventDate "2014.10.17"]

1. Nf3 c5 2. c4 Nc6 3. Nc3 g6 4. g3 Bg7 5. Bg2 d6 6. O-O e6 7. a3 Nge7 8. d3 O-O
9. Bg5 h6 10. Bd2 b6 11. Qc1 Kh7 12. b4 Rb8 13. Rb1 Bb7 14. Qc2 Qd7 15. e3 Ne5
16. Nxe5 Bxe5 17. f4 Bg7 18. Bxb7 Rxb7 19. Rbd1 d5 20. cxd5 exd5 21. bxc5 bxc5
22. Na4 Rc7 23. Nxc5 Qc8 24. d4 Nf5 25. Qd3 Re8 26. Rc1 h5 27. Nb3 Nd6 28. Rxc7
Qxc7 29. Rc1 Qd7 30. Nc5 Qg4 31. Re1 Nc4 32. Bc1 h4 33. Kg2 Nd6 34. Qd1 h3+ 35.
Kf2 Qc8 36. Qf3 Ne4+ 37. Nxe4 Rxe4 38. Qd1 Re8 39. Re2 Qf5 40. Qc2 Qe6 41. Qd3
Rc8 42. Rc2 Rb8 43. Rb2 Rc8 44. Rc2 Rb8 45. Rb2 Rc8 46. Rc2 1/2-1/2

[Event "Chigorin Mem Blitz 2014"]
[Site "St Petersburg RUS"]
[Date "2014.10.17"]
[Round "10.10"]
[White "Timofeev, Artyom"]
[Black "Hayrapetyan, Hovik"]
[Result "1-0"]
[WhiteTitle "GM"]
[BlackTitle "GM"]
[WhiteElo "2598"]
[BlackElo "2426"]
[WhiteFideId "4140419"]
[BlackFideId "13302639"]
[EventDate "2014.10.17"]

1. c4 Nf6 2. Nc3 c5 3. Nf3 b6 4. e4 d6 5. d3 g6 6. g3 Bg7 7. Bg2 Bb7 8. O-O O-O
9. h3 Nc6 10. Be3 Nd7 11. d4 cxd4 12. Nxd4 Nxd4 13. Bxd4 Bxd4 14. Qxd4 Rc8 15.
Rad1 Nc5 16. Rfe1 Qc7 17. b3 a6 18. Nd5 Bxd5 19. exd5 b5 20. cxb5 axb5 21. h4
Rfe8 22. h5 f6 23. Bh3 Ra8 24. Re2 Nd7 25. Bxd7 Qxd7 26. Kg2 g5 27. Rde1 Rac8
28. Re6 Rc5 29. Qe4 Qb7 30. Rxd6 Qa8 31. Rd7 b4 32. Qe6+ Kh8 33. h6 Qc8 34. Qf7 1-0

[Event "Chigorin Mem Blitz 2014"]
[Site "St Petersburg RUS"]
[Date "2014.10.17"]
[Round "10.11"]
[White "Aleksandrov, Aleksej"]
[Black "Batchuluun, Tsegmed"]
[Result "1-0"]
[WhiteTitle "GM"]
[BlackTitle "GM"]
[WhiteElo "2583"]
[BlackElo "2523"]
[WhiteFideId "13500139"]
[BlackFideId "4900847"]
[EventDate "2014.10.17"]

1. d4 Nf6 2. c4 e6 3. Nc3 Bb4 4. e3 O-O 5. Bd3 c5 6. Nf3 d5 7. O-O Nc6 8. cxd5
exd5 9. dxc5 Bxc5 10. h3 Be6 11. b3 a6 12. Bb2 h6 13. Rc1 Ba7 14. Ne2 Rc8 15.
Ned4 Nxd4 16. Nxd4 Rxc1 17. Qxc1 Qe7 18. Qa1 Ne4 19. Rc1 Rc8 20. Nxe6 Rxc1+ 21.
Qxc1 Qxe6 22. Qc7 Qf5 23. Bxe4 Qxe4 24. Qc8+ Kh7 25. Qxb7 Qb1+ 26. Kh2 Qxb2 27.
Qxa7 Qxf2 28. a4 Kg8 29. b4 Qd2 30. b5 axb5 31. axb5 Qb2 32. Qb8+ Kh7 33. b6 d4
34. exd4 Qxd4 35. Qc7 1-0

[Event "Chigorin Mem Blitz 2014"]
[Site "St Petersburg RUS"]
[Date "2014.10.17"]
[Round "10.12"]
[White "Stupak, Kirill"]
[Black "Usmanov, Vasily"]
[Result "1-0"]
[WhiteTitle "GM"]
[BlackTitle "IM"]
[WhiteElo "2545"]
[BlackElo "2427"]
[WhiteFideId "13503758"]
[BlackFideId "4135741"]
[EventDate "2014.10.17"]

1. d4 Nf6 2. g3 e6 3. Bg2 d5 4. Nf3 Be7 5. c4 O-O 6. O-O dxc4 7. Ne5 Nc6 8. Nxc6
bxc6 9. Na3 Bxa3 10. bxa3 Nd5 11. Qa4 Nb6 12. Qa5 Bb7 13. Rd1 Qc8 14. a4 Rd8 15.
Ba3 c5 16. Bxc5 Bxg2 17. Kxg2 Qb7+ 18. Kg1 Qc6 19. Qb5 Qxb5 20. axb5 a6 21. a4
axb5 22. axb5 f6 23. Rdc1 Rxa1 24. Rxa1 c3 25. Ra3 e5 26. Rxc3 exd4 27. Rc1 Rd5
28. Kg2 Kf7 29. Kf3 d3 30. exd3 Rxd3+ 31. Be3 Rd7 32. Bxb6 cxb6 33. Rc6 Rb7 34.
h4 h5 35. Kf4 Kg6 36. f3 Rb8 37. Ke4 Re8+ 38. Kd4 Rd8+ 39. Kc4 Rb8 40. Kd5 Rd8+
41. Rd6 Re8 42. Re6 Rc8 43. Rxb6 Rc3 44. Ke4 Rb3 45. Rb8 f5+ 46. Kf4 Rb4+ 47.
Ke5 Rb3 48. Rb6+ Kh7 49. Kf4 g6 50. Rb7+ Kh6 51. Rb8 Rb4+ 52. Ke5 Rb3 53. Kf6
Kh7 54. Rb7+ Kh6 55. Rg7 Rxb5 56. Rxg6+ Kh7 57. Rg5 Kh6 58. Rg6+ Kh7 59. Rg7+
Kh6 60. Rg6+ Kh7 61. Rg5 Kh6 62. Rxf5 Rb6+ 63. Ke5 Rg6 64. Rf6 1-0

[Event "Chigorin Mem Blitz 2014"]
[Site "St Petersburg RUS"]
[Date "2014.10.17"]
[Round "11.2"]
[White "Demidov, Mikhail"]
[Black "Kazhgaleyev, Murtas"]
[Result "0-1"]
[WhiteTitle "IM"]
[BlackTitle "GM"]
[WhiteElo "2516"]
[BlackElo "2566"]
[WhiteFideId "4197143"]
[BlackFideId "13700316"]
[EventDate "2014.10.17"]

1. d4 e6 2. e4 d5 3. exd5 exd5 4. Nf3 Nf6 5. c4 Bb4+ 6. Nc3 O-O 7. Bd3 dxc4 8.
Bxc4 Nc6 9. O-O Bg4 10. Be3 Qd6 11. h3 Bh5 12. a3 Ba5 13. Rc1 Rad8 14. Be2 Bb6
15. Qb3 Rfe8 16. Rfd1 a6 17. Rd2 Bg6 18. Bg5 h6 19. Bh4 Nxd4 20. Nxd4 Bxd4 21.
Rcd1 c5 22. Qxb7 Rb8 23. Qxa6 Qf4 24. Bxf6 Qxf2+ 25. Kh1 Qxf6 26. Qxf6 Bxf6 27.
a4 Bg5 28. Rd5 Rxb2 29. Bb5 Rc8 30. Bd7 Rd8 31. Bf5 Rxd5 32. Rxd5 Bxf5 33. Rxf5
Be3 34. Rd5 Rc2 35. Rd3 Bd4 36. Nb5 Be5 37. g3 c4 38. Re3 Bf6 39. a5 Ra2 40.
Re8+ Kh7 41. Ra8 c3 42. Rc8 Rxa5 43. Nxc3 Ra1+ 44. Kg2 Rc1 45. Rc7 Rc2+ 0-1

[Event "Chigorin Mem Blitz 2014"]
[Site "St Petersburg RUS"]
[Date "2014.10.17"]
[Round "11.3"]
[White "Rakhmanov, Aleksandr"]
[Black "Ponkratov, Pavel"]
[Result "1-0"]
[WhiteTitle "GM"]
[BlackTitle "GM"]
[WhiteElo "2636"]
[BlackElo "2617"]
[WhiteFideId "4173708"]
[BlackFideId "4157800"]
[EventDate "2014.10.17"]

1. c4 e5 2. Nf3 e4 3. Nd4 d5 4. cxd5 Qxd5 5. e3 Nf6 6. Nc3 Qe5 7. f4 Qe7 8. Nde2
h5 9. Ng3 Bd7 10. Qc2 Bc6 11. Nf5 Qc5 12. Nd4 a6 13. b4 Qxb4 14. Rb1 Qc5 15. Be2
Bd6 16. Nb3 Qf5 17. Nd4 Qd7 18. O-O O-O 19. Bb2 Re8 20. Ba1 b5 21. Nxc6 Qxc6 22.
Qb2 Nbd7 23. Nd1 Bf8 24. Nf2 Rad8 25. Rfc1 Qd6 26. Qc2 c5 27. a4 bxa4 28. Bc3
Rb8 29. Qxa4 Rxb1 30. Rxb1 Nd5 31. Ba5 Nb4 32. Rd1 Nf6 33. Bxb4 cxb4 34. Qxa6
Qc5 35. Qc4 Qb6 36. Qb3 Bc5 37. Bc4 Re7 38. Ra1 Qd6 39. Qc2 Rc7 40. Rd1 Qe7 41.
Qb3 Kh7 42. Bf1 Bd6 43. d3 exd3 44. Qxd3+ Kg8 45. Qxd6 b3 46. Qxe7 Rxe7 47. Rd8+
Kh7 48. Rb8 Rxe3 49. Bd3+ g6 50. Rxb3 Kg7 51. Rb1 Nd5 52. g3 h4 53. Kg2 hxg3 54.
hxg3 Re7 55. Nd1 Rd7 56. Rb3 Rc7 57. Kf2 Ra7 58. Ne3 Ra2+ 59. Kf3 Nc7 60. Rb7
Ne6 61. Bc4 Nd4+ 62. Ke4 Rd2 63. Rxf7+ Kh8 64. Rd7 Nf3 65. Rxd2 Nxd2+ 66. Kd3
Nf3 67. Bd5 Ng1 68. Bg2 Kg7 69. Ke4 1-0

[Event "Chigorin Mem Blitz 2014"]
[Site "St Petersburg RUS"]
[Date "2014.10.17"]
[Round "11.4"]
[White "Ivanisevic, Ivan"]
[Black "Bukavshin, Ivan"]
[Result "0-1"]
[WhiteTitle "GM"]
[BlackTitle "GM"]
[WhiteElo "2623"]
[BlackElo "2616"]
[WhiteFideId "912417"]
[BlackFideId "4199758"]
[EventDate "2014.10.17"]

1. e4 c5 2. Nf3 e6 3. d4 cxd4 4. Nxd4 Nc6 5. Nc3 Qc7 6. Be3 a6 7. Qf3 Nf6 8.
O-O-O Ne5 9. Qg3 b5 10. f4 Neg4 11. e5 Nxe3 12. Qxe3 b4 13. Ne4 Nd5 14. Qg3 Bb7
15. f5 g6 16. Nd6+ Bxd6 17. exd6 Qc5 18. Qe5 O-O-O 19. f6 Kb8 20. Be2 Rc8 21.
Bf3 Qb6 22. Rhe1 a5 23. Kb1 a4 24. Bxd5 Bxd5 25. b3 Rc5 26. Qg3 Kb7 27. Re3 Ra8
28. Qe1 Rca5 29. Re2 Qxd6 30. c4 bxc3 31. Qxc3 axb3 32. axb3 Qb6 33. Red2 Be4+
34. Nc2 0-1

[Event "Chigorin Mem Blitz 2014"]
[Site "St Petersburg RUS"]
[Date "2014.10.17"]
[Round "11.5"]
[White "Aleksandrov, Aleksej"]
[Black "Khismatullin, Denis"]
[Result "0-1"]
[WhiteTitle "GM"]
[BlackTitle "GM"]
[WhiteElo "2583"]
[BlackElo "2681"]
[WhiteFideId "13500139"]
[BlackFideId "4142578"]
[EventDate "2014.10.17"]

1. d4 Nf6 2. c4 e6 3. Nc3 Bb4 4. e3 O-O 5. Bd3 c5 6. Nf3 cxd4 7. exd4 d5 8. O-O
dxc4 9. Bxc4 b6 10. Bd3 Bb7 11. Re1 Nbd7 12. a3 Be7 13. Ne5 Nd5 14. Qf3 Nxe5 15.
dxe5 Nxc3 16. Qxb7 Qxd3 17. Qxe7 Nd5 18. Qh4 Rac8 19. Qg3 Qxg3 20. hxg3 Rc2 21.
Kf1 Rfc8 22. Rd1 a5 23. Rb1 h6 24. Bd2 Kh7 25. Rdc1 h5 26. Rxc2 Rxc2 27. Ke2 Kg6
28. Kd3 Rc6 29. a4 Kf5 30. Re1 g5 31. Re4 Rc7 32. f3 g4 33. f4 Rc2 34. Kxc2 Kxe4
35. b4 axb4 36. Kb3 Kd3 37. Bxb4 Ke2 38. Kc4 Kf2 39. Bc3 Kxg3 40. Bd4 Kxg2 41.
f5 h4 0-1

[Event "Chigorin Mem Blitz 2014"]
[Site "St Petersburg RUS"]
[Date "2014.10.17"]
[Round "11.6"]
[White "Stupak, Kirill"]
[Black "Timofeev, Artyom"]
[Result "1/2-1/2"]
[WhiteTitle "GM"]
[BlackTitle "GM"]
[WhiteElo "2545"]
[BlackElo "2598"]
[WhiteFideId "13503758"]
[BlackFideId "4140419"]
[EventDate "2014.10.17"]

1. d4 Nf6 2. g3 d5 3. Nf3 g6 4. Bg2 Bg7 5. O-O O-O 6. c4 dxc4 7. Na3 c3 8. bxc3
c5 9. e3 Nc6 10. Qe2 Nd5 11. Bb2 Nb6 12. Rac1 Qd5 13. c4 Qh5 14. d5 Ne5 15. Rc2
Bg4 16. Bxe5 Bxe5 17. h3 Bxf3 18. Qxf3 Qxf3 19. Bxf3 Nc8 20. Rb1 Nd6 21. Bg2 f5
22. f4 Bf6 23. Nb5 Nxb5 24. Rxb5 b6 25. a4 Rab8 26. a5 Rfc8 27. Ra2 Bc3 28. axb6
axb6 29. Ra6 Ba5 30. Ra7 Re8 31. g4 Rbd8 32. gxf5 gxf5 33. Bf3 Kg7 34. Bh5 Rg8
35. Rc7 Rc8 36. Rb7 Rb8 37. Rc7 Rbc8 38. Rd7 Rcd8 39. Rb7 Rb8 40. Ra7 Ra8 41.
Rb7 Rab8 1/2-1/2

[Event "Chigorin Mem Blitz 2014"]
[Site "St Petersburg RUS"]
[Date "2014.10.17"]
[Round "11.7"]
[White "Shimanov, Aleksandr"]
[Black "Harika, Dronavalli"]
[Result "1-0"]
[WhiteTitle "GM"]
[BlackTitle "GM"]
[WhiteElo "2606"]
[BlackElo "2528"]
[WhiteFideId "4198603"]
[BlackFideId "5015197"]
[EventDate "2014.10.17"]

1. d4 g6 2. e4 Bg7 3. Nf3 c5 4. dxc5 Nf6 5. Nc3 O-O 6. Bd3 Qa5 7. Be3 Ng4 8. Bd4
Bxd4 9. Nxd4 Qxc5 10. Qxg4 Qxd4 11. Qh4 Nc6 12. O-O-O d6 13. Bb5 Qg7 14. Bxc6
bxc6 15. Qxe7 Rb8 16. Qxd6 Be6 17. Qd4 Qh6+ 18. Qd2 Qg7 19. f4 Qf6 20. e5 Qf5
21. h3 Rfd8 22. Qe3 Bd5 23. g4 Qd7 24. Rhf1 Qb7 25. b3 Qb4 26. Nxd5 cxd5 27. e6
d4 28. exf7+ Kxf7 29. Qe5 Qc3 30. Kb1 Rbc8 31. Rf2 Rc5 32. Qe4 d3 33. cxd3 Rcd5
34. Rc2 Qa5 35. f5 gxf5 36. gxf5 R8d7 37. Qe6+ Kf8 38. Rc8+ Rd8 39. Rxd8+ Rxd8
40. f6 Qc7 41. Rg1 Qf7 42. Qxf7+ Kxf7 43. Rg7+ Kxf6 44. Rxh7 Rxd3 45. Rxa7 Rxh3
46. Rd7 Ke6 47. Rd1 1-0

[Event "Chigorin Mem Blitz 2014"]
[Site "St Petersburg RUS"]
[Date "2014.10.17"]
[Round "11.9"]
[White "Burmakin, Vladimir"]
[Black "Demchenko, Anton"]
[Result "1-0"]
[WhiteTitle "GM"]
[BlackTitle "GM"]
[WhiteElo "2583"]
[BlackElo "2588"]
[WhiteFideId "4105109"]
[BlackFideId "4160258"]
[EventDate "2014.10.17"]

1. Nf3 Nf6 2. g3 g6 3. b3 Bg7 4. Bb2 O-O 5. Bg2 d6 6. d4 Nbd7 7. O-O e5 8. dxe5
Ng4 9. c4 dxe5 10. h3 Nh6 11. Qc2 f6 12. Nc3 Nf7 13. Rad1 c6 14. Ba3 Re8 15. Ne4
Qa5 16. Nd6 Nxd6 17. Bxd6 e4 18. Nd4 f5 19. c5 Nf6 20. Qc4+ Nd5 21. a4 Qc3 22.
e3 Be6 23. Nxe6 Rxe6 24. Rc1 Qxc4 25. Rxc4 Bf8 26. Bxf8 Rxf8 27. Rd1 a5 28. Bf1
Kg7 29. Rcd4 Re7 30. Bc4 Nb4 31. Rd7 Re8 32. h4 Kf6 33. R1d6+ Kg7 34. Kf1 Kf8
35. Ke2 Rxd7 36. Rxd7 Re7 37. Rd8+ Kg7 38. Ra8 Re5 39. Rxa5 Kf6 40. Ra7 Rxc5 41.
Rxb7 Nd5 42. Rxh7 Nb6 43. Bg8 Rc2+ 44. Kf1 Ra2 45. Rc7 Rc2 46. a5 Na8 47. Rc8
Ra2 48. Rxa8 Ke5 49. Bc4 1-0

[Event "Chigorin Mem Blitz 2014"]
[Site "St Petersburg RUS"]
[Date "2014.10.17"]
[Round "11.10"]
[White "Ganguly, Surya Shekhar"]
[Black "Bernadskiy, Vitaliy"]
[Result "1-0"]
[WhiteTitle "GM"]
[BlackTitle "GM"]
[WhiteElo "2613"]
[BlackElo "2558"]
[WhiteFideId "5002150"]
[BlackFideId "14100371"]
[EventDate "2014.10.17"]

1. e4 c6 2. d4 d5 3. Nd2 g6 4. h3 Bg7 5. Ngf3 Nh6 6. c3 O-O 7. Bd3 f6 8. O-O Nf7
9. Re1 Na6 10. b3 Nc7 11. Bb2 b6 12. c4 Bb7 13. Qe2 e6 14. Rad1 f5 15. cxd5 cxd5
16. exf5 exf5 17. Ne5 Nxe5 18. dxe5 Ne6 19. Qf3 Qe7 20. Bf1 Rac8 21. Rc1 Bh6 22.
Qd1 Qb4 23. Rxc8 Rxc8 24. Nf3 a5 25. a3 Qe7 26. Nd4 Nc5 27. Nb5 Ne4 28. Nd6 Rd8
29. Qd4 Bg7 30. Qxb6 Nxd6 31. exd6 Qxd6 32. Qxd6 Rxd6 33. Bxg7 1-0

[Event "Chigorin Mem Blitz 2014"]
[Site "St Petersburg RUS"]
[Date "2014.10.17"]
[Round "11.11"]
[White "Matsenko, Sergei"]
[Black "Gabrielian, Artur"]
[Result "1/2-1/2"]
[WhiteTitle "IM"]
[BlackTitle "GM"]
[WhiteElo "2485"]
[BlackElo "2557"]
[WhiteFideId "4170083"]
[BlackFideId "4131002"]
[EventDate "2014.10.17"]

1. Nf3 Nf6 2. c4 c5 3. g3 Nc6 4. Bg2 g6 5. Nc3 Bg7 6. O-O O-O 7. d4 cxd4 8. Nxd4
d6 9. Nxc6 bxc6 10. Bxc6 Rb8 11. Bg2 Be6 12. Nd5 Nxd5 13. cxd5 Bd7 14. e4 Bxb2
15. Bxb2 Rxb2 16. Qd4 Qb6 17. Qxb6 Rxb6 18. Rfc1 Rfb8 19. h4 Kf8 20. Rc7 R6b7
21. Rac1 Ke8 22. Kh2 Kd8 23. Rxb7 Rxb7 24. Rc2 Rb4 25. f3 Bb5 26. Bh3 Bd7 27.
Bxd7 Kxd7 28. Kh3 h5 29. Rc6 Ra4 30. Rc2 Ra3 31. f4 Ra4 32. Re2 Ra5 33. Kg2 f5
34. exf5 gxf5 35. Rd2 a6 36. Kf3 Ra3+ 37. Kf2 a5 38. Rb2 Rd3 39. Rb7+ Ke8 40.
Rb8+ Kf7 41. Rh8 Rxd5 42. Rxh5 Rc5 43. Rg5 e6 44. h5 Rc2+ 45. Kg1 Rc8 46. g4
fxg4 47. Rxg4 d5 48. Kf2 Kf6 49. Rg6+ Kf5 50. Ke3 Rc3+ 51. Kd2 Rh3 52. Rg8 Rxh5
53. Rf8+ Ke4 54. Rf6 Rh2+ 55. Kc3 d4+ 56. Kb3 Kd5 57. Rf8 Rh3+ 58. Kc2 Ke4 59.
Re8 Rh2+ 60. Kb3 Kd5 61. Rd8+ Ke4 62. Re8 Rh6 63. Kc4 a4 64. a3 Kxf4 65. Kxd4
Rf6 66. Ra8 e5+ 67. Kd3 Kf3 68. Rxa4 Rd6+ 69. Kc2 e4 70. Ra8 e3 71. Rf8+ Kg2 72.
Re8 Kf2 73. a4 e2 74. Kc3 Rf6 75. Kc4 Rf4+ 76. Kb5 Rf5+ 77. Kb6 Rf6+ 78. Kb5
Rf5+ 79. Kb6 Rf6+ 80. Kb5 Rf5+ 81. Kb6 e1=Q 82. Rxe1 Kxe1 83. a5 Rf6+ 84. Kb7
Rf7+ 85. Kb6 Rf6+ 86. Kb7 Kd2 87. a6 Rxa6 1/2-1/2

[Event "Chigorin Mem Blitz 2014"]
[Site "St Petersburg RUS"]
[Date "2014.10.17"]
[Round "11.12"]
[White "Smirnov, Pavel"]
[Black "Levin, Evgeny A."]
[Result "1-0"]
[WhiteTitle "GM"]
[BlackTitle "GM"]
[WhiteElo "2611"]
[BlackElo "2507"]
[WhiteFideId "4123425"]
[BlackFideId "4182596"]
[EventDate "2014.10.17"]

1. d4 Nf6 2. c4 e6 3. Nc3 Bb4 4. g3 O-O 5. Bg2 c5 6. Nf3 Ne4 7. Qd3 f5 8. O-O
Bxc3 9. bxc3 Nc6 10. Ne5 Qa5 11. Nxc6 bxc6 12. dxc5 Nxc5 13. Qd4 Ne4 14. Bxe4
fxe4 15. Bf4 d5 16. f3 exf3 17. Rxf3 Ba6 18. Raf1 Bxc4 19. Qe5 Rf6 20. Be3 Rxf3
21. Rxf3 Re8 22. Bd4 1-0